Kinh tế học đô thị

保存先:
書誌詳細
第一著者: Phạm Ngọc Côn
フォーマット: 図書
言語:Undetermined
出版事項: Hà Nội KHKT 1999
主題:
タグ: タグ追加
タグなし, このレコードへの初めてのタグを付けませんか!
Thư viện lưu trữ: Trung tâm Học liệu Trường Đại học Cần Thơ
LEADER 00485nam a2200169Ia 4500
001 CTU_40402
008 210402s9999 xx 000 0 und d
082 |a 711.14 
082 |b C454 
100 |a Phạm Ngọc Côn 
245 0 |a Kinh tế học đô thị 
245 0 |c Phạm Ngọc Côn 
260 |a Hà Nội 
260 |b KHKT 
260 |c 1999 
650 |a cities and towns - economic aspects,urban economics 
980 |a Trung tâm Học liệu Trường Đại học Cần Thơ